| 000 | 01869nam a22002057a 4500 | ||
|---|---|---|---|
| 005 | 20220411160020.0 | ||
| 008 | 220314b ||||| |||| 00| 0 eng d | ||
| 020 | _a9789390455317 | ||
| 040 | _cAL | ||
| 041 | _aeng | ||
| 082 |
_223 _a620.11 _bKUMM |
||
| 100 |
_aH D Kumar _923571 |
||
| 245 |
_aMaterial science _bNanotechnology and applications |
||
| 260 |
_aNew Delhi _bI K International Pvt Ltd. _c2020 |
||
| 300 |
_axviii,373p. _bHB _c24x17cm. |
||
| 365 |
_2General _a6286 _b₹956.00 _c₹ _d₹1195.00 _e20% _f7-03-2022 |
||
| 520 | _aPrompted by the substantial impact of nanoscience and nanotechnology on the diverse materials, metals and minerals being used by over six billion people on the disturbingly overcrowding, increasingly mobile and energy guzzling planet, the author has attempted to produce a readable and comprehensive outline of the physics, chemistry, biology and engineering dimensions and processes relating to the exploitation of various kinds of materials, nanomaterials and nanoparticles, with special reference to carbon-based and silicon-based materials. The study introduces the reader to novel, superfunctional and composite materials, metamaterials, electronics, electrets, carbon nanotubes, nanowires, molecular transistors, and graphene currently attracting research focus. Besides its overall utility for all scientists and engineers, the monograph would serve as a supplementary textbook for advanced courses in several areas of engineering, physics, chemistry, nanotechnology, pharmaceutical biotechnology and biomedicine in traditional universities, engineering colleges, institutes of technology and medical colleges. It is supported by the most up-to-date literature citations, of direct interest to researchers on materials science and nanotechnology. | ||
| 650 |
_2Mechanical Engineering _aEngineering _923572 |
||
| 942 |
_2ddc _cBK |
||
| 999 |
_c221859 _d221859 |
||